| 000 | 01063nam a2200277 a 4500 | ||
|---|---|---|---|
| 003 | UPN | ||
| 005 | 20240911064547.0 | ||
| 008 | 191031s1998 sp fr 000 e spa d | ||
| 020 | _a8481642185 | ||
| 035 | _aUPN01000233814 | ||
| 040 |
_aMX-MxUPN _bspa _cMX-MxUPN |
||
| 050 | 1 | 4 |
_aHM1276 _bL8.4 |
| 100 | 1 |
_aLuhmann, Niklas, _d1927-1998 _931939 |
|
| 245 | 1 | 0 |
_aComplejidad y modernidad : _bde la unidad a la diferencia / _cNiklas Luhmann ; edición y traducción de Josetxo Berian y José María García Blanco |
| 260 |
_aMadrid : _bTrotta, _c1998. |
||
| 300 | _a257 páginas | ||
| 490 | 0 | _aEstructuras y procesos. Serie ciencias sociales | |
| 500 | _aTítulos originales: Soziologische aufkläring, Beobachtungen der moderne, Pardigm lost: über die ethische refexion der moral. | ||
| 650 | 1 | 4 |
_913565 _aDiferenciación (sociología) |
| 650 | 1 | 4 |
_aCivilización moderna _98265 |
| 700 | 1 |
_944424 _aBerian, Josetxo _etraductor |
|
| 700 | 1 |
_944425 _aGarcía Blanco, José María _etraductor |
|
| 905 | _aLibro | ||
| 942 |
_2lcc _cLIBRO |
||
| 999 |
_c205909 _d205909 |
||